Local area housing statistics ...1987.No.3: Lancashire (Record no. 90565)

MARC details
000 -LEADER
fixed length control field 00501cam a2200193 4500
001 - CONTROL NUMBER
control field B785
008 - FIXED-LENGTH DATA ELEMENTS--GENERAL INFORMATION
fixed length control field 090401t1987 xxu||||| |||| 00| 0 eng d
035 ## - SYSTEM CONTROL NUMBER
System control number (Sirsi) u37872
041 ## - LANGUAGE CODE
Language code of text/sound track or separate title eng
050 ## - LIBRARY OF CONGRESS CALL NUMBER
Classification number 306.0212
110 ## - MAIN ENTRY--CORPORATE NAME
Corporate name or jurisdiction name as entry element Nationwide Building Society
9 (RLIN) 1019
245 ## - TITLE STATEMENT
Title Local area housing statistics ...1987.No.3: Lancashire
260 ## - PUBLICATION, DISTRIBUTION, ETC.
Place of publication, distribution, etc. London
Name of publisher, distributor, etc. Nationwide Building Society
Date of publication, distribution, etc. 1987
300 ## - PHYSICAL DESCRIPTION
Extent 12p. ; 30cm.
350 ## - PRICE (NR) (BK AM CF MU VM SE) [OBSOLETE]
Price 0
650 ## - SUBJECT ADDED ENTRY--TOPICAL TERM
Topical term or geographic name entry element HOUSE PRICES
942 ## - ADDED ENTRY ELEMENTS (KOHA)
Suppress in OPAC 0
948 ## - LOCAL PROCESSING INFORMATION (OCLC); SERIES PART DESIGNATOR (RLIN)
c (OCLC) 04/03/1997
Holdings
Withdrawn status Lost status Source of classification or shelving scheme Damaged status Not for loan Home library Current library Shelving location Date acquired Total Checkouts Full call number Barcode Date last seen Copy number Price effective from Koha item type
    Dewey Decimal Classification     London London Pamphlets 14/09/1999   P306.0212 30012277 06/08/2019 1 06/08/2019 Book